Artist in modern society (Record no. 1329350)

MARC details
000 -LEADER
fixed length control field 00577nam a2200181Ia 4500
005 - DATE AND TIME OF LATEST TRANSACTION
control field 20250508151355.0
008 - FIXED-LENGTH DATA ELEMENTS--GENERAL INFORMATION
fixed length control field 008 250505s9999 xx 000 0 eng d
037 ## - SOURCE OF ACQUISITION
Stock number Textual
040 ## - CATALOGING SOURCE
Original cataloging agency FEDL
Language of cataloging eng
Transcribing agency FEDL
041 ## - LANGUAGE CODE
Language code of text/sound track or separate title eng
Source of code eng
084 ## - COLON CLASSIFICATION NUMBER
Classification number 750, INT
Assigning agency FEDL
245 #0 - TITLE STATEMENT
Title Artist in modern society
260 ## - PUBLICATION, DISTRIBUTION, ETC.
Place of publication, distribution, etc. Paris, France
Name of publisher, distributor, etc. United Nations Educational, Scientific and Cultural Organization
Date of publication, distribution, etc. 1954
300 ## - PHYSICAL DESCRIPTION
Extent 128p.
546 ## - LANGUAGE NOTE
Language note International conference of artists, venice 22-28 september 1952
942 ## - ADDED ENTRY ELEMENTS (KOHA)
Koha item type Textual
Classification part 750, INT
Holdings
Withdrawn status Lost status Damaged status Not for loan Home library Current library Date acquired Total Checkouts Full call number Barcode Date last seen Price effective from Koha item type
        Department of Education Library Department of Education Library 2025-05-08   750, INT EL0009858 2025-05-08 2025-05-08 Textual
Copyright @ Delhi University Library System